|
|
|
|
| LEADER |
01320nam a2200301 a 4500 |
| 001 |
3277134 |
| 008 |
100111s1982 nyua b 001 0 eng d |
| 999 |
|
|
|c 6873
|d 6873
|
| 010 |
|
|
|a 82000606
|
| 020 |
|
|
|a 0030618029 :
|c $25.95
|
| 020 |
|
|
|a 0030056632
|
| 040 |
|
|
|a DLC
|c DLC
|d DLC
|d BD-DhAAL
|
| 082 |
0 |
0 |
|a 306.36
|2 19
|
| 245 |
0 |
0 |
|a Women and development :
|b the sexual division of labor in rural societies : a study /
|c prepared for the International Labour Office within the framework of the World Employment Programme : edited by Lourdes Benería.
|
| 260 |
|
|
|a New York, N.Y. :
|b Praeger,
|c 1982.
|
| 300 |
|
|
|a xxiii, 257 pages :
|b illustrations ;
|c 24 cm.
|
| 504 |
|
|
|a Includes bibliographies and index.
|
| 541 |
1 |
|
|e 00003496
|
| 650 |
|
0 |
|a Women in rural development.
|9 31410
|
| 650 |
|
0 |
|a Sexual division of labor.
|9 31411
|
| 650 |
|
0 |
|a Rural development.
|9 31412
|
| 650 |
|
0 |
|a Women
|x Employment
|z Developing countries.
|9 31413
|
| 700 |
1 |
|
|a Benería, Lourdes.
|9 31414
|
| 710 |
2 |
|
|a International Labour Office.
|9 31415
|
| 710 |
2 |
|
|a World Employment Programme.
|9 31416
|
| 852 |
4 |
|
|a Ayesha Abed Library
|j General Shelf.
|
| 942 |
|
|
|2 ddc
|c BK
|
| 952 |
|
|
|0 0
|1 0
|2 ddc
|4 0
|6 306_360000000000000_WOM_1982
|7 0
|9 7084
|a BRACUL
|b BRACUL
|c GEN
|d 2010-01-12
|g 0.00
|l 0
|o 306.36 WOM
|p 3010003496
|r 2010-01-12
|t 1
|w 2010-01-12
|y BK
|z Not price in Register
|